000
00240 a2200097 4500
001
30339
100
_a
Conrad, J
245
_a
The nigger of the narcissus typhoon the shadow line
260
_a
London
_b
Dent & sons
_c
090
_c
20289
_d
20289
942
_a
NUST-CAE
_c
M
_c
11435
999
_c
265412
_d
265412